| 000 | 00513nam a22001937a 4500 | ||
|---|---|---|---|
| 003 | NUST - PNEC | ||
| 005 | 20170116180747.0 | ||
| 008 | 150221b xxu||||| |||| 00| 0 eng d | ||
| 020 | _a8175541156 | ||
| 040 | _cLIBRARY | ||
| 082 | _2153 CLE | ||
| 100 |
_91433 _aClegg Brian |
||
| 245 |
_aInstant brainpower _cClegg brian |
||
| 250 | _aSouth Asian edition | ||
| 260 |
_aNew Delhi _bVinod Vasishtha _cc 1999 |
||
| 300 | _a117 p . : | ||
| 650 |
_916674 _aMental Processes _xGeneral Reading |
||
| 942 |
_2ddc _cBK |
||
| 999 |
_c62414 _d62414 |
||